Acceso a la tierra, desarrollo y reducción de la pobreza / (Record no. 190337)

MARC details
000 -CABECERA
campo de control de longitud fija 00842nam a2200241 u 4500
005 - FECHA Y HORA DE LA ÚLTIMA TRANSACCIÓN
campo de control 20250819063920.0
008 - ELEMENTOS DE LONGITUD FIJA--INFORMACIÓN GENERAL
campo de control de longitud fija 170529s2005 ea r 000 0 spa d
020 ## - NÚMERO INTERNACIONAL NORMALIZADO PARA LIBROS
Número Internacional Estándar del Libro 958682585X
035 ## - NÚMERO DE CONTROL DEL SISTEMA
Número de control de sistema UPN01000218237
049 ## - COLECCIÓN
Colección CG
050 #4 - SIGNATURA TOPOGRÁFICA DE LA BIBLIOTECA DEL CONGRESO
Número de clasificación HD1333.5
Número de documento/Ítem D4.2
100 1# - ASIENTO PRINCIPAL--NOMBRE PERSONAL
Nombre de persona Deininger, Klaus
9 (RLIN) 40688
245 10 - MENCIÓN DE TÍTULO
Título Acceso a la tierra, desarrollo y reducción de la pobreza /
Mención de responsabilidad, etc. Klaus Deininger ; tr. Teresa Niño Torres.
260 ## - PUBLICACIÓN, DISTRIBUCIÓN, ETC.
Lugar de publicación, distribución, etc. Washington :
Nombre del editor, distribuidor, etc. Banco Mundial,
Fecha de publicación, distribución, etc. 2005.
300 ## - DESCRIPCIÓN FÍSICA
Extensión 64 p. :
Otras características físicas il., gráfs., cuadros
440 #0 - MENCIÓN DE SERIE/ASIENTO SECUNDARIO--TÍTULO
Título Desarrollo para todos ;
Designación de volumen o secuencia 7
534 ## - NOTA SOBRE LA VERSIÓN ORIGINAL
Frase introductoria Título original:
Mención de título del original Land reform revisited : development for all series
650 #4 - ASIENTO SECUNDARIO DE MATERIA - TERMINO TEMATICO
Término de materia o nombre geográfico como elemento de entrada REFORMA AGRARIA -
Subdivisión geográfica PAISES EN DESARROLLO
9 (RLIN) 26042
650 #2 - ASIENTO SECUNDARIO DE MATERIA - TERMINO TEMATICO
Término de materia o nombre geográfico como elemento de entrada Tenencia de la tiera
9 (RLIN) 52
650 #2 - ASIENTO SECUNDARIO DE MATERIA - TERMINO TEMATICO
Término de materia o nombre geográfico como elemento de entrada Pobreza -
Subdivisión geográfica Países en desarrollo
9 (RLIN) 1201
905 ## - TIPO DE MATERIAL
Tipo de material Libro
Holdings
Estado de retiro Estado de pérdida Fuente del sistema de clasificación o colocación Estado dañado No para préstamo Código de colección Localización permanente Ubicación/localización actual Ubicación en estantería Total de préstamos Clasificación Código de barras Fecha visto por última vez Número de copia Tipo de ítem Koha
    Library of Congress Classification     Colección General Bib. Gregorio Torres Quintero Bib. Gregorio Torres Quintero Planta baja   HD1333.5 D4.2 318017 31/12/2020 1 Libro